[Event "89th UKR-ch"]
[Site "Omelnyk UKR"]
[Date "2020.11.23"]
[Round "6.6"]
[White "Malovanyi, Yulian"]
[Black "Galperin, Platon"]
[WhiteElo "2279"]
[BlackElo "2461"]
[Result "0-1"]
[EventDate "2020.11.18"]
[PlyCount "134"]

1. e4 c5 2. Nf3 e6 3. c3 d5 4. exd5 Qxd5 5. d4 Nf6 6. Bd3 Nc6 7. O-O cxd4 8. cxd4 Be7 9. Nc3 Qd8 10. a3 O-O 11. Bc2 b6 12. Qd3 Bb7 13. Bg5 g6 14. Rfe1 Rc8 15. Bb3 Kg7 16. Rad1 Nd5 17. Bxd5 exd5 18. Bxe7 Nxe7 19. Ne5 Nf5 20. Ne2 Qg5 21. Ng3 Nd6 22. Nf3 Qf6 23. Ne5 Rc7 24. Rc1 Rfc8 25. Rxc7 Rxc7 26. Nf1 Ne4 27. f3 Ng5 28. Ng4 Qf4 29. Qe3 Ne6 30. Qxf4 Nxf4 31. Nge3 Nd3 32. Re2 Rc1 33. Rd2 Ba6 34. Rd1 Rc8 35. Rd2 f5 36. g3 f4 37. gxf4 Nxf4 38. Rc2 Bc4 39. Kf2 Ne6 40. Nxc4 dxc4 41. Ke3 b5 42. a4 a6 43. axb5 axb5 44. b3 c3 45. d5 Nc7 46. d6 Ne6 47. d7 Rc7 48. b4 Rc4 49. Ng3 Rxb4 50. Rxc3 Kf7 51. Rc7 Ke7 52. d8=Q+ Kxd8 53. Rxh7 Rb3+ 54. Kd2 Rxf3 55. Ne2 b4 56. Rb7 b3 57. Rb6 Nc5 58. Rb4 Kc7 59. Nd4 Rh3 60. Kd1 g5 61. Rb5 Kd6 62. Rb6+ Kd5 63. Nxb3 Rxb3 64. Rg6 Ne6 65. h4 gxh4 66. Ke1 Ke5 67. Rh6 Rb4 0-1

[Event "89th UKR-ch"]
[Site "Omelnyk UKR"]
[Date "2020.11.23"]
[Round "6.7"]
[White "Borsuk, Kostyantyn"]
[Black "Solodovnichenko, Yuri"]
[WhiteElo "2401"]
[BlackElo "2544"]
[Result "1/2-1/2"]
[EventDate "2020.11.18"]
[PlyCount "74"]

1. d4 Nf6 2. c4 e5 3. Nf3 exd4 4. Nxd4 g6 5. Nc3 Bg7 6. g3 d5 7. cxd5 Nxd5 8. Ndb5 Nxc3 9. Qxd8+ Kxd8 10. Nxc3 Be6 11. Bg2 Kc8 12. Bf4 Bxc3+ 13. bxc3 Nd7 14. O-O a5 15. Rab1 Ra7 16. a3 a4 17. e4 Ra5 18. Rfd1 Re8 19. Rd4 f6 20. e5 b6 21. exf6 Nxf6 22. Re1 Bd7 23. Rxe8+ Nxe8 24. Rd5 Rxd5 25. Bxd5 Nf6 26. Bf3 Be6 27. Bc6 Bd7 28. Bf3 Bf5 29. Bc6 Bd7 30. Bf3 c5 31. Kf1 Bg4 32. Be5 Bxf3 33. Bxf6 Kd7 34. Ke1 Ke6 35. Bd8 b5 36. Kd2 h5 37. h4 Kd5 1/2-1/2

[Event "89th UKR-ch"]
[Site "Omelnyk UKR"]
[Date "2020.11.23"]
[Round "6.8"]
[White "Ovseevich, Sergei"]
[Black "Martynkova, Olena"]
[WhiteElo "2587"]
[BlackElo "2222"]
[Result "1-0"]
[EventDate "2020.11.18"]
[PlyCount "171"]

1. Nf3 Nf6 2. c4 g6 3. Nc3 Bg7 4. e4 d6 5. d4 O-O 6. Be2 e5 7. O-O Nc6 8. d5 Ne7 9. Kh1 Nd7 10. g4 a5 11. Rg1 Nc5 12. Be3 b6 13. Rg2 Kh8 14. Qd2 Ng8 15. Rag1 Nf6 16. Qc2 Bd7 17. b3 c6 18. Nd2 cxd5 19. cxd5 Rc8 20. Qb1 Ne8 21. a3 Bf6 22. Nf3 Ra8 23. a4 Nc7 24. h4 Rb8 25. Rh2 b5 26. g5 Bg7 27. Bxc5 dxc5 28. Nxb5 Nxb5 29. Bxb5 Bxb5 30. axb5 Rxb5 31. h5 Kg8 32. Nd2 a4 33. Qd3 Qd7 34. bxa4 Rb4 35. a5 Rd4 36. Qc2 Qb5 37. f3 Rb4 38. Nf1 Qxa5 39. Qg2 Rfb8 40. hxg6 hxg6 41. Qa2 Qb5 42. Ne3 Rb3 43. Qe2 Qb4 44. d6 Qd4 45. Nd5 Rb1 46. Rhg2 Qa4 47. Qc2 Rxg1+ 48. Kxg1 Qxc2 49. Rxc2 Rd8 50. Rxc5 Rxd6 51. Rc8+ Kh7 52. Rc7 Kg8 53. Rc8+ Kh7 54. Rc7 Kg8 55. Ra7 Rd8 56. Kf2 Rb8 57. Ra6 Rb2+ 58. Kg3 Rb1 59. Nf6+ Bxf6 60. gxf6 Kh7 61. Ra7 Kg8 62. Ra8+ Kh7 63. Rf8 g5 64. Rxf7+ Kg6 65. Rf8 Rb6 66. f7 Rf6 67. Re8 Rxf7 68. Rxe5 Rf4 69. Ra5 Kf6 70. Ra1 Kg6 71. Rg1 Kf6 72. Kf2 Rh4 73. Ra1 Rf4 74. Ke3 Kf7 75. Rg1 Kf6 76. Rg4 Rxg4 77. fxg4 Ke5 78. Kd3 Kf4 79. Kd4 Kxg4 80. e5 Kf5 81. Kd5 g4 82. e6 Kf6 83. Kd6 g3 84. e7 g2 85. e8=Q g1=Q 86. Qf8+ 1-0

[Event "89th UKR-ch"]
[Site "Omelnyk UKR"]
[Date "2020.11.23"]
[Round "6.9"]
[White "Polivanov, Anatoliy"]
[Black "Buksa, Nataliya"]
[WhiteElo "2452"]
[BlackElo "2410"]
[Result "1-0"]
[EventDate "2020.11.18"]
[PlyCount "73"]

1. e4 c5 2. Nf3 Nc6 3. d4 cxd4 4. Nxd4 Nf6 5. Nc3 e5 6. Ndb5 d6 7. Bg5 a6 8. Na3 b5 9. Bxf6 gxf6 10. Nd5 f5 11. Bd3 Be6 12. c3 Bg7 13. Nxb5 axb5 14. Bxb5 Rc8 15. Qa4 Bd7 16. exf5 O-O 17. O-O e4 18. Qxe4 Re8 19. Qf4 Re5 20. Rfd1 Bxf5 21. a4 Ne7 22. Ne3 Be6 23. Qh4 Rcc5 24. Bd3 Rh5 25. Qe4 Ng6 26. g3 Rce5 27. Qb4 Rxe3 28. Bxg6 hxg6 29. fxe3 Be5 30. Rd2 Qg5 31. Qe4 Bxg3 32. hxg3 Qxg3+ 33. Rg2 Qh3 34. Rf1 Bd5 35. Qe8+ Kg7 36. Rxg6+ Kxg6 37. Qg8+ 1-0

[Event "89th UKR-ch"]
[Site "Omelnyk UKR"]
[Date "2020.11.24"]
[Round "7.1"]
[White "Kuzubov, Yuriy"]
[Black "Korobov, Anton"]
[WhiteElo "2641"]
[BlackElo "2683"]
[Result "0-1"]
[EventDate "2020.11.18"]
[PlyCount "80"]

1. c4 e5 2. Nc3 Nf6 3. Nf3 Nc6 4. e4 Bb4 5. d3 a5 6. Be2 d6 7. O-O Bc5 8. Be3 Bg4 9. Nxe5 Nxe5 10. d4 Bxe2 11. Qxe2 Bb4 12. dxe5 Bxc3 13. bxc3 dxe5 14. Rab1 Qc8 15. Rb5 O-O 16. Rxe5 Re8 17. Rxe8+ Qxe8 18. f3 Rd8 19. Rb1 b6 20. c5 bxc5 21. Bxc5 Nd5 22. Qc4 Nf4 23. Be3 Ne6 24. a4 h6 25. f4 Qe7 26. h3 Qh4 27. Rf1 Qe7 28. e5 Qh4 29. Qe2 g6 30. f5 gxf5 31. Rxf5 Qxa4 32. Qf2 Qa1+ 33. Kh2 Rd1 34. Rxf7 Rh1+ 35. Kg3 Qxc3 36. Re7 Qxe5+ 37. Kh4 Qe4+ 38. g4 Ng5 39. Bxg5 hxg5+ 40. Kg3 Qxe7 0-1

[Event "89th UKR-ch"]
[Site "Omelnyk UKR"]
[Date "2020.11.24"]
[Round "7.10"]
[White "Mosesov, Danyil"]
[Black "Osmak, Iulija"]
[WhiteElo "2391"]
[BlackElo "2438"]
[Result "1/2-1/2"]
[EventDate "2020.11.18"]
[PlyCount "41"]

1. Nf3 d5 2. c4 e6 3. g3 Nf6 4. Bg2 Be7 5. d4 Ne4 6. O-O f5 7. b3 Nc6 8. Bb2 h5 9. Nbd2 h4 10. e3 Bd7 11. Nxe4 dxe4 12. d5 exd5 13. Bxg7 Rh7 14. Ne5 dxc4 15. bxc4 Bd6 16. Nxd7 Qxd7 17. Bc3 O-O-O 18. Rb1 hxg3 19. hxg3 Qf7 20. Qa4 Qh5 21. Rfd1 1/2-1/2

[Event "89th UKR-ch"]
[Site "Omelnyk UKR"]
[Date "2020.11.24"]
[Round "7.2"]
[White "Zubov, Alexander"]
[Black "Onyshchuk, Volodymyr"]
[WhiteElo "2589"]
[BlackElo "2633"]
[Result "1-0"]
[EventDate "2020.11.18"]
[PlyCount "75"]

1. d4 d6 2. c4 e5 3. Nc3 exd4 4. Qxd4 Nc6 5. Qd2 Nf6 6. b3 a5 7. e4 a4 8. Rb1 axb3 9. axb3 g6 10. Bd3 Bg7 11. Nge2 Nd7 12. Nd5 Nde5 13. Bc2 Bg4 14. O-O Bxe2 15. Qxe2 Nd4 16. Qd1 c6 17. Be3 Nxc2 18. Bb6 Qh4 19. Nc7+ Kd7 20. Nxa8 Nb4 21. Ba5 Nbd3 22. Nb6+ Ke6 23. f3 h5 24. Bc3 Bh6 25. Bd2 Bg7 26. Be3 Nb4 27. Qd2 Ned3 28. Rbd1 Qf6 29. f4 Qb2 30. f5+ Ke7 31. Bg5+ f6 32. Be3 Qxb3 33. Rb1 Qc2 34. Rxb4 Nxb4 35. Qxb4 Qxe4 36. Nc8+ Kd8 37. Qxd6+ Kxc8 38. Bf4 1-0

[Event "89th UKR-ch"]
[Site "Omelnyk UKR"]
[Date "2020.11.24"]
[Round "7.3"]
[White "Bernadskyi, Vitalii"]
[Black "Zubarev, Alexander"]
[WhiteElo "2619"]
[BlackElo "2422"]
[Result "1-0"]
[EventDate "2020.11.18"]
[PlyCount "75"]

1. e4 c5 2. Nc3 Nc6 3. Bb5 Nd4 4. Nf3 g6 5. Bc4 Bg7 6. Nxd4 cxd4 7. Qf3 Nh6 8. Ne2 O-O 9. h3 e6 10. Qb3 d5 11. exd5 exd5 12. Bxd5 Re8 13. Qf3 Re5 14. Bc4 Be6 15. Bxe6 Rxe6 16. O-O d3 17. cxd3 Nf5 18. d4 Qe7 19. Nf4 Nxd4 20. Qd1 Ne2+ 21. Nxe2 Rxe2 22. d4 Re8 23. Qa4 b5 24. Qxb5 Bxd4 25. Bg5 Qe4 26. Qd7 Rxb2 27. Rac1 Kg7 28. Rcd1 Bb6 29. Bd2 Rxd2 30. Qxd2 Qf5 31. a4 Re4 32. Ra1 Ba5 33. Qb2+ Kh6 34. Ra3 Rf4 35. Qb8 Bb4 36. g4 Qg5 37. Rg3 Bc5 38. h4 1-0

[Event "89th UKR-ch"]
[Site "Omelnyk UKR"]
[Date "2020.11.24"]
[Round "7.4"]
[White "Shevchenko, Kirill"]
[Black "Matvyishen, Viktor"]
[WhiteElo "2592"]
[BlackElo "2506"]
[Result "1/2-1/2"]
[EventDate "2020.11.18"]
[PlyCount "89"]

1. e4 Nf6 2. e5 Nd5 3. d4 d6 4. Nf3 dxe5 5. Nxe5 g6 6. Bc4 Be6 7. O-O Bg7 8. Bb3 c6 9. Re1 O-O 10. h3 Nc7 11. Nf3 a5 12. Nc3 b5 13. Bf4 Bxb3 14. axb3 Ne6 15. Be5 Bxe5 16. Rxe5 Nd7 17. Re1 Nf6 18. Qd2 Qb6 19. Ne4 Rfd8 20. c3 c5 21. Nxf6+ exf6 22. d5 c4 23. bxc4 bxc4 24. Re4 Qc5 25. Rd1 Rd6 26. Nh2 f5 27. Re5 Rad8 28. Nf3 Nf8 29. Qh6 Rxd5 30. Rdxd5 Rxd5 31. Re8 Rd1+ 32. Kh2 Rd8 33. Rxd8 Qc7+ 34. Ne5 Qxd8 35. Qf4 Qd6 36. Qd4 Qxd4 37. cxd4 Ne6 38. Nxc4 Nxd4 39. Nxa5 f4 40. g3 fxg3+ 41. Kxg3 g5 42. b4 f5 43. Nc4 Kf7 44. h4 h6 45. hxg5 1/2-1/2

[Event "89th UKR-ch"]
[Site "Omelnyk UKR"]
[Date "2020.11.24"]
[Round "7.5"]
[White "Kovchan, Alexander"]
[Black "Galperin, Platon"]
[WhiteElo "2568"]
[BlackElo "2461"]
[Result "1-0"]
[EventDate "2020.11.18"]
[PlyCount "39"]

1. e4 Nf6 2. e5 Nd5 3. d4 d6 4. Nf3 dxe5 5. Nxe5 g6 6. c4 Nb6 7. Nc3 Bg7 8. Be3 O-O 9. Be2 Be6 10. Bf3 Qc8 11. c5 Nc4 12. Nxc4 Bxc4 13. Qa4 Ba6 14. O-O-O c6 15. h4 h6 16. d5 cxd5 17. Nxd5 Re8 18. Nc7 Qxc7 19. Qxe8+ Kh7 20. Rd8 1-0

[Event "89th UKR-ch"]
[Site "Omelnyk UKR"]
[Date "2020.11.24"]
[Round "7.7"]
[White "Borsuk, Kostyantyn"]
[Black "Sivuk, Vitaly"]
[WhiteElo "2401"]
[BlackElo "2550"]
[Result "1-0"]
[EventDate "2020.11.18"]
[PlyCount "61"]

1. d4 g6 2. c4 Bg7 3. Nc3 c5 4. d5 d6 5. e4 Nf6 6. h3 O-O 7. Nf3 a6 8. a4 b6 9. Bd3 Ra7 10. Bg5 h6 11. Be3 e6 12. Qd2 Kh7 13. g4 exd5 14. exd5 Re8 15. g5 hxg5 16. O-O-O b5 17. Nxg5+ Kg8 18. Rdg1 bxc4 19. Nxf7 Rxf7 20. Bxg6 Rb7 21. Bxe8 Nxe8 22. Bg5 Qc7 23. Bh6 Bf5 24. Rg5 Bh7 25. Rhg1 Qd8 26. Qe2 Re7 27. Qg4 Qd7 28. Qh5 Kh8 29. Bxg7+ Nxg7 30. Qh6 Qb7 31. Rh5 1-0

[Event "89th UKR-ch"]
[Site "Omelnyk UKR"]
[Date "2020.11.24"]
[Round "7.8"]
[White "Koziak, Vitali"]
[Black "Bilych, Olexiy"]
[WhiteElo "2428"]
[BlackElo "2318"]
[Result "1-0"]
[EventDate "2020.11.18"]
[PlyCount "103"]

1. Nf3 d5 2. d4 e6 3. c4 Nf6 4. Nc3 Bb4 5. e3 O-O 6. Qc2 b6 7. a3 Bxc3+ 8. Qxc3 Ba6 9. b4 Bxc4 10. Bxc4 dxc4 11. Qxc4 Qd5 12. Qxd5 exd5 13. Bb2 Ne4 14. Ke2 Nd6 15. Nd2 a5 16. bxa5 Rxa5 17. Rhc1 Rc8 18. a4 Nb7 19. Bc3 Ra6 20. Nb3 Kf8 21. a5 b5 22. f3 f5 23. Be1 Ke8 24. Rc2 Nd7 25. Rac1 c6 26. Bb4 Nf6 27. Rb1 Kd7 28. Nc1 Ne8 29. Nd3 Ned6 30. Bxd6 Kxd6 31. Rxb5 Nxa5 32. Rxd5+ cxd5 33. Rxc8 Nc4 34. Nb4 Rb6 35. Nxd5 Rb2+ 36. Kd3 Kxd5 37. Rc5+ Ke6 38. Rxc4 Rxg2 39. Rc7 Rxh2 40. Rxg7 Rf2 41. f4 Rh2 42. Ra7 h5 43. d5+ Kf6 44. Ra6+ Kg7 45. d6 Rh1 46. Kd4 Kf6 47. d7+ Ke7 48. Ke5 h4 49. Kxf5 h3 50. Rh6 Kxd7 51. Kf6 h2 52. f5 1-0

[Event "89th UKR-ch"]
[Site "Omelnyk UKR"]
[Date "2020.11.24"]
[Round "7.9"]
[White "Solodovnichenko, Yuri"]
[Black "Larkin, Vladislav"]
[WhiteElo "2544"]
[BlackElo "2388"]
[Result "1-0"]
[EventDate "2020.11.18"]
[PlyCount "93"]

1. e4 c6 2. d4 d5 3. Nc3 dxe4 4. Nxe4 Nf6 5. Nxf6+ exf6 6. Bc4 Bd6 7. Qe2+ Be7 8. Nf3 O-O 9. O-O Bd6 10. Re1 Bg4 11. Qe4 Qd7 12. h3 Bf5 13. Qe2 Na6 14. Bd3 Bxd3 15. Qxd3 Nb4 16. Qd1 Qf5 17. a3 Na6 18. Nh4 Qd5 19. Be3 Nc7 20. Qd3 Rfe8 21. c4 Qe4 22. Qxe4 Rxe4 23. Nf5 Bf8 24. Bd2 Re6 25. g4 Rd8 26. Ba5 b6 27. Bc3 Rxe1+ 28. Rxe1 Ne6 29. Rd1 Nf4 30. Kh2 Ne2 31. a4 g6 32. Ne3 Bd6+ 33. Kg2 Kg7 34. Kf3 Nf4 35. h4 h5 36. d5 cxd5 37. g5 Be5 38. Bxe5 fxe5 39. cxd5 f5 40. gxf6+ Kxf6 41. Ke4 Nh3 42. Rd2 Rc8 43. f3 b5 44. axb5 Rc5 45. d6 Rxb5 46. Nd5+ Kf7 47. d7 1-0

[Event "89th UKR-ch"]
[Site "Omelnyk UKR"]
[Date "2020.11.25"]
[Round "8.1"]
[White "Korobov, Anton"]
[Black "Bernadskyi, Vitalii"]
[WhiteElo "2683"]
[BlackElo "2619"]
[Result "1/2-1/2"]
[EventDate "2020.11.18"]
[PlyCount "42"]

1. d4 Nf6 2. c4 g6 3. Nc3 Bg7 4. e4 d6 5. Nf3 O-O 6. Be2 e5 7. dxe5 dxe5 8. Qxd8 Rxd8 9. Bg5 Re8 10. Nd5 Nxd5 11. cxd5 c6 12. Bc4 b5 13. Bb3 a5 14. a3 Bb7 15. dxc6 Nxc6 16. Bd5 Rab8 17. O-O-O Nd4 18. Bxb7 Rxb7 19. Be3 b4 20. a4 b3 21. Bd2 Rc7+ 1/2-1/2

[Event "89th UKR-ch"]
[Site "Omelnyk UKR"]
[Date "2020.11.25"]
[Round "8.10"]
[White "Mirzoev, Emil"]
[Black "Mosesov, Danyil"]
[WhiteElo "2480"]
[BlackElo "2391"]
[Result "0-1"]
[EventDate "2020.11.18"]
[PlyCount "152"]

1. d4 Nf6 2. g3 d5 3. Bg2 c5 4. Nf3 Nc6 5. O-O e6 6. b3 cxd4 7. Nxd4 Bc5 8. Nxc6 bxc6 9. c4 O-O 10. Bb2 a5 11. Qc2 Be7 12. Nc3 Ba6 13. Na4 dxc4 14. bxc4 Qc7 15. Bd4 Nd7 16. c5 Rab8 17. a3 Bb5 18. Rfc1 e5 19. Be3 Nf6 20. Bg5 h6 21. Bxf6 Bxf6 22. Nc3 Rfd8 23. Ne4 Be7 24. Rab1 Rd4 25. Qa2 a4 26. e3 Rdd8 27. Bf1 Bxf1 28. Rxf1 Rxb1 29. Rxb1 Qd7 30. Rb4 Qd1+ 31. Kg2 Qd5 32. Qxd5 cxd5 33. Nd2 Ra8 34. Rb5 Rc8 35. Ra5 Rxc5 36. Rxa4 f6 37. Ra7 Kf8 38. a4 Rc2 39. Nb3 Rc3 40. Rb7 Rc4 41. a5 Ra4 42. Rb5 Ra3 43. f4 g5 44. Kf3 h5 45. f5 g4+ 46. Ke2 Kg7 47. Nd2 Kh6 48. Rxd5 Kg5 49. e4 Bb4 50. Nc4 Ra2+ 51. Kd3 Rxh2 52. Rd8 Rg2 53. Rg8+ Kh6 54. Rg6+ Kh7 55. Rxf6 Rxg3+ 56. Ke2 Rg2+ 57. Kf1 Ra2 58. Rg6 Bc3 59. Nd6 Ra1+ 60. Ke2 Ra2+ 61. Kd3 Bxa5 62. Nf7 Bd2 63. Nxe5 Bf4 64. Nc6 g3 65. Ne7 g2 66. f6 Ra3+ 67. Kc4 Rg3 68. f7 g1=Q 69. f8=Q Qf1+ 70. Kd5 Qd3+ 71. Kc5 Be3+ 72. Kc6 Rxg6+ 73. Nxg6 Qxe4+ 74. Kb5 Qxg6 75. Qe7+ Kh6 76. Qf8+ Kg5 0-1

[Event "89th UKR-ch"]
[Site "Omelnyk UKR"]
[Date "2020.11.25"]
[Round "8.2"]
[White "Kovchan, Alexander"]
[Black "Zubov, Alexander"]
[WhiteElo "2568"]
[BlackElo "2589"]
[Result "1/2-1/2"]
[EventDate "2020.11.18"]
[PlyCount "36"]

1. e4 e5 2. Nf3 Nc6 3. Bb5 Nf6 4. O-O Nxe4 5. d4 Nd6 6. Bxc6 dxc6 7. dxe5 Nf5 8. Qxd8+ Kxd8 9. Nc3 Ke8 10. h3 h5 11. Ne2 b6 12. Bg5 c5 13. Nc3 Bb7 14. Rad1 Bxf3 15. gxf3 c6 16. f4 Be7 17. Ne4 Rd8 18. Rxd8+ Bxd8 1/2-1/2

[Event "89th UKR-ch"]
[Site "Omelnyk UKR"]
[Date "2020.11.25"]
[Round "8.3"]
[White "Shevchenko, Kirill"]
[Black "Borsuk, Kostyantyn"]
[WhiteElo "2592"]
[BlackElo "2401"]
[Result "1-0"]
[EventDate "2020.11.18"]
[PlyCount "91"]

1. e4 e6 2. d4 d5 3. e5 c5 4. c3 Nc6 5. Nf3 Qb6 6. Bd3 cxd4 7. O-O Bd7 8. Re1 Nge7 9. h4 h6 10. h5 a6 11. Nbd2 dxc3 12. bxc3 Na5 13. Rb1 Qc7 14. Ba3 Nc8 15. Bxf8 Rxf8 16. Qc1 Nb6 17. Qa3 Na4 18. c4 Qc5 19. Rb4 Nb6 20. Nb3 Nxb3 21. Qxb3 dxc4 22. Bxc4 Ba4 23. Rxa4 Nxa4 24. Qxb7 Ra7 25. Qe4 Nb6 26. Bb3 a5 27. Ba4+ Nxa4 28. Qxa4+ Kd8 29. Qg4 f5 30. exf6 Rxf6 31. Nd4 Re7 32. Qe4 e5 33. Nf3 Ke8 34. Nxe5 Qxf2+ 35. Kh1 Qxe1+ 36. Qxe1 Rfe6 37. Qxa5 Rxe5 38. Qa4+ Kf7 39. Qc4+ Kf6 40. Qf4+ Ke6 41. Qg4+ Kd6 42. a4 Kc5 43. Kg1 Rc7 44. Qg6 Rg5 45. Qa6 Rc6 46. Qa7+ 1-0

[Event "89th UKR-ch"]
[Site "Omelnyk UKR"]
[Date "2020.11.25"]
[Round "8.4"]
[White "Ovseevich, Sergei"]
[Black "Matvyishen, Viktor"]
[WhiteElo "2587"]
[BlackElo "2506"]
[Result "1-0"]
[EventDate "2020.11.18"]
[PlyCount "103"]

1. d4 Nf6 2. c4 g6 3. Nc3 Bg7 4. e4 d6 5. Nf3 O-O 6. Be2 e5 7. O-O Nc6 8. d5 Ne7 9. Kh1 a5 10. Bg5 h6 11. Bd2 Ne8 12. Ne1 f5 13. exf5 gxf5 14. f4 e4 15. Nc2 Nf6 16. Be3 b6 17. Bd4 Kh8 18. Ne3 c5 19. dxc6 Nxc6 20. Nb5 Nxd4 21. Nxd4 Ne8 22. Qd2 Bd7 23. Rad1 Nc7 24. Rf2 Na6 25. Nb5 Bxb5 26. cxb5 Nc5 27. Bc4 Rc8 28. b3 Qh4 29. g3 Qh5 30. Qe2 Qg6 31. Qf1 Nd3 32. Bxd3 exd3 33. Rfd2 Bd4 34. Rxd3 Bxe3 35. Rxe3 Rc2 36. Re2 Rfc8 37. Rde1 Qh5 38. Qf2 Rxe2 39. Rxe2 Rc5 40. Kg2 Kg8 41. Qe3 Qf7 42. a4 Kg7 43. Qd4+ Qf6 44. Re7+ Kg6 45. Qe3 Rc3 46. Qe1 Rc1 47. Qe6 Rc2+ 48. Kh3 Qxe6 49. Rxe6+ Kh5 50. Rxd6 Rc3 51. Rd5 Kg6 52. Kh4 1-0

[Event "89th UKR-ch"]
[Site "Omelnyk UKR"]
[Date "2020.11.25"]
[Round "8.5"]
[White "Onyshchuk, Volodymyr"]
[Black "Kuzubov, Yuriy"]
[WhiteElo "2633"]
[BlackElo "2641"]
[Result "0-1"]
[EventDate "2020.11.18"]
[PlyCount "50"]

1. e4 e6 2. d4 d5 3. Nc3 Bb4 4. exd5 exd5 5. Bd3 Nc6 6. a3 Ba5 7. Nge2 Nge7 8. O-O Bxc3 9. bxc3 Bf5 10. Rb1 b6 11. Ng3 Bxd3 12. cxd3 O-O 13. Qf3 Ng6 14. Re1 Qd7 15. Nh5 f6 16. Bf4 Nce5 17. Qe3 Nf7 18. Qe6 Qxe6 19. Rxe6 Rac8 20. Rbe1 c5 21. dxc5 Rxc5 22. Bd2 d4 23. cxd4 Rxh5 24. Bb4 Ng5 25. Rc6 Rd8 0-1

[Event "89th UKR-ch"]
[Site "Omelnyk UKR"]
[Date "2020.11.25"]
[Round "8.6"]
[White "Peng, Li Min"]
[Black "Solodovnichenko, Yuri"]
[WhiteElo "2428"]
[BlackElo "2544"]
[Result "1/2-1/2"]
[EventDate "2020.11.18"]
[PlyCount "28"]

1. d4 d5 2. c4 e6 3. Nc3 c6 4. e4 dxe4 5. Nxe4 Bb4+ 6. Bd2 Qxd4 7. Bxb4 Qxe4+ 8. Be2 Na6 9. Ba5 f6 10. Qd8+ Kf7 11. O-O-O b6 12. Bc3 e5 13. Bf3 Qxc4 14. Rd6 Nb4 1/2-1/2

[Event "89th UKR-ch"]
[Site "Omelnyk UKR"]
[Date "2020.11.25"]
[Round "8.7"]
[White "Galperin, Platon"]
[Black "Koziak, Vitali"]
[WhiteElo "2461"]
[BlackElo "2428"]
[Result "1-0"]
[EventDate "2020.11.18"]
[PlyCount "67"]

1. d4 d5 2. c4 c6 3. Nf3 Nf6 4. Nc3 dxc4 5. e4 b5 6. Be2 e6 7. O-O Bb7 8. b3 b4 9. e5 Nd5 10. Nxd5 cxd5 11. bxc4 dxc4 12. Bxc4 Be7 13. Be3 O-O 14. Nd2 Ba6 15. Qg4 Kh8 16. f4 Bxc4 17. Nxc4 Qd5 18. Rac1 Nc6 19. Rfd1 g6 20. Bf2 Rac8 21. Rc2 Rfd8 22. Ne3 Qb5 23. d5 exd5 24. Rxd5 Qa6 25. h4 h5 26. Qd1 Na5 27. f5 Rxd5 28. Rxc8+ Qxc8 29. Qxd5 Qc1+ 30. Kh2 Qc5 31. Qxf7 Qxe5+ 32. Bg3 Qf6 33. Qe8+ Kg7 34. Nd5 1-0

[Event "89th UKR-ch"]
[Site "Omelnyk UKR"]
[Date "2020.11.25"]
[Round "8.8"]
[White "Zubarev, Alexander"]
[Black "Sivuk, Vitaly"]
[WhiteElo "2422"]
[BlackElo "2550"]
[Result "1-0"]
[EventDate "2020.11.18"]
[PlyCount "89"]

1. c4 c5 2. Nf3 Nf6 3. d4 cxd4 4. Nxd4 Nc6 5. Nc3 e6 6. Bf4 d5 7. cxd5 Nxd5 8. Nxc6 bxc6 9. Bd2 Bb4 10. Qc1 O-O 11. a3 Bxc3 12. Bxc3 c5 13. Bd2 Ba6 14. e4 Bxf1 15. Kxf1 Nb6 16. Qc2 Qd7 17. a4 Nc4 18. Bc3 Qb7 19. Qe2 Nb6 20. a5 Nd7 21. h4 f6 22. f3 Qc6 23. Kf2 Ne5 24. Rac1 Rab8 25. Rc2 c4 26. Bxe5 Qc5+ 27. Qe3 Qxe5 28. Qxa7 Rxb2 29. Rxb2 Qxb2+ 30. Kg3 Qe5+ 31. Kh3 f5 32. Re1 c3 33. a6 fxe4 34. Rxe4 Qf5+ 35. Kh2 Rc8 36. Qd7 Qf8 37. Qxe6+ Kh8 38. Rc4 Re8 39. Qc6 h6 40. a7 Ra8 41. Ra4 Qd8 42. Kg3 c2 43. Qxc2 Qd6+ 44. f4 Qb6 45. Qa2 1-0

[Event "89th UKR-ch"]
[Site "Omelnyk UKR"]
[Date "2020.11.26"]
[Round "9.1"]
[White "Ovseevich, Sergei"]
[Black "Korobov, Anton"]
[WhiteElo "2587"]
[BlackElo "2683"]
[Result "1/2-1/2"]
[EventDate "2020.11.18"]
[PlyCount "57"]

1. d4 Nf6 2. c4 e6 3. Nf3 b6 4. g3 Bb7 5. Bg2 Be7 6. O-O O-O 7. Nc3 Ne4 8. Nxe4 Bxe4 9. Ne1 Bxg2 10. Nxg2 d5 11. Qa4 Qd7 12. Qxd7 Nxd7 13. cxd5 exd5 14. Nf4 Nf6 15. Nd3 c5 16. dxc5 bxc5 17. Bg5 c4 18. Nf4 h6 19. Bxf6 Bxf6 20. Rac1 Rfd8 21. Rfd1 Bxb2 22. Rc2 c3 23. Nxd5 Rac8 24. e4 Kf8 25. Rd3 Rc4 26. Re3 Rdc8 27. Kf1 Ra4 28. Nxc3 Bxc3 29. Rexc3 1/2-1/2

[Event "89th UKR-ch"]
[Site "Omelnyk UKR"]
[Date "2020.11.26"]
[Round "9.10"]
[White "Polivanov, Anatoliy"]
[Black "Malovanyi, Yulian"]
[WhiteElo "2452"]
[BlackElo "2279"]
[Result "1-0"]
[EventDate "2020.11.18"]
[PlyCount "81"]

1. e4 c5 2. Nf3 Nc6 3. d4 cxd4 4. Nxd4 g6 5. c4 Bg7 6. Be3 Nf6 7. Nc3 O-O 8. Be2 d6 9. f3 Nxd4 10. Bxd4 Bd7 11. Qd2 Bc6 12. O-O-O a6 13. Kb1 Rb8 14. g4 b5 15. h4 e5 16. Be3 b4 17. Nd5 Bxd5 18. cxd5 Nd7 19. h5 Nc5 20. hxg6 fxg6 21. Bxc5 dxc5 22. d6 Kh8 23. d7 Qe7 24. Bc4 Bf6 25. Qd5 Bg5 26. Qc6 Kg7 27. Rd3 Rbd8 28. Rhd1 Rf6 29. Qc7 Qf8 30. Qxe5 Bf4 31. Qd5 Rd6 32. Qb7 R8xd7 33. Qxd7+ Rxd7 34. Rxd7+ Kh6 35. Rh1+ Kg5 36. Rd5+ Kf6 37. Rxh7 a5 38. g5+ Bxg5 39. e5+ Kf5 40. e6+ Kxe6 41. Rd8+ 1-0

[Event "89th UKR-ch"]
[Site "Omelnyk UKR"]
[Date "2020.11.26"]
[Round "9.2"]
[White "Bernadskyi, Vitalii"]
[Black "Kovchan, Alexander"]
[WhiteElo "2619"]
[BlackElo "2568"]
[Result "1/2-1/2"]
[EventDate "2020.11.18"]
[PlyCount "47"]

1. c4 c5 2. Nf3 g6 3. d4 cxd4 4. Nxd4 Nc6 5. e4 Nf6 6. Nc3 d6 7. Nc2 Bg7 8. Be2 O-O 9. O-O Nd7 10. Bd2 Nc5 11. b4 Ne6 12. Nd5 a5 13. b5 Ncd4 14. Nxd4 Nxd4 15. Bg5 Re8 16. Rc1 Be6 17. Be3 Bxd5 18. cxd5 Nxe2+ 19. Qxe2 Qd7 20. a4 e6 21. Qd2 exd5 22. Qxd5 Re5 23. Qd3 Qe6 24. Rc4 1/2-1/2

[Event "89th UKR-ch"]
[Site "Omelnyk UKR"]
[Date "2020.11.26"]
[Round "9.4"]
[White "Kuzubov, Yuriy"]
[Black "Galperin, Platon"]
[WhiteElo "2641"]
[BlackElo "2461"]
[Result "1-0"]
[EventDate "2020.11.18"]
[PlyCount "109"]

1. c4 e6 2. Nc3 d5 3. d4 a6 4. cxd5 exd5 5. Nf3 Nf6 6. Bg5 Be6 7. e3 Nbd7 8. Bd3 Bd6 9. O-O c6 10. Bf4 Qc7 11. Bxd6 Qxd6 12. h3 O-O 13. Rb1 a5 14. a3 g6 15. Qc2 b5 16. Ne2 b4 17. axb4 axb4 18. Nf4 c5 19. dxc5 Nxc5 20. Nd4 Bd7 21. Qd2 Ne6 22. Nfxe6 fxe6 23. f4 e5 24. fxe5 Qxe5 25. Rf3 g5 26. Bf5 g4 27. hxg4 Nxg4 28. Bxg4 Bxg4 29. Rf4 h5 30. Rbf1 Rfe8 31. Kh1 Qe7 32. Nf5 Bxf5 33. Rxf5 Qh4+ 34. Kg1 d4 35. exd4 Rad8 36. d5 Rd6 37. R5f4 Qg3 38. Qxb4 Rg6 39. Rf8+ Kh7 40. R1f7+ Kh6 41. Qd2+ Qe3+ 42. Qxe3+ Rxe3 43. Rf3 Re7 44. R8f6 Re2 45. Rxg6+ Kxg6 46. Rf2 Re1+ 47. Rf1 Re2 48. b4 Rd2 49. Rb1 Rxd5 50. b5 Rd7 51. b6 Rb7 52. Kh2 Kg5 53. Kg3 h4+ 54. Kh3 Kf4 55. Rb5 1-0

[Event "89th UKR-ch"]
[Site "Omelnyk UKR"]
[Date "2020.11.26"]
[Round "9.5"]
[White "Matvyishen, Viktor"]
[Black "Zubarev, Alexander"]
[WhiteElo "2506"]
[BlackElo "2422"]
[Result "1/2-1/2"]
[EventDate "2020.11.18"]
[PlyCount "77"]

1. d4 Nf6 2. c4 e6 3. g3 d5 4. Nf3 dxc4 5. Bg2 c5 6. O-O Nc6 7. dxc5 Qxd1 8. Rxd1 Bxc5 9. Nbd2 c3 10. bxc3 O-O 11. Nb3 Be7 12. Bb2 Bd7 13. c4 Rfd8 14. Ne5 Rac8 15. Nxc6 Bxc6 16. Bxc6 Rxc6 17. Rxd8+ Bxd8 18. Rd1 Bc7 19. Bxf6 gxf6 20. Rc1 f5 21. Kg2 Kf8 22. Kf3 Ke7 23. e3 Ra6 24. Rc2 b6 25. Ke2 Bd6 26. h3 h5 27. Kd3 Ra4 28. Nd2 Ra3+ 29. Ke2 Ra5 30. h4 Ra3 31. Nb1 Ra4 32. Kd3 Be5 33. a3 Kd7 34. Ra2 Kc6 35. Nd2 Bd6 36. Nb1 Be5 37. Nd2 Bd6 38. Nb1 Be5 39. Nd2 1/2-1/2